UK Places A-Z - Statistics

General Stats
  • This quiz has been taken 83 times
  • The average score is 12 of 25
Answer Stats
Hint Answer % Correct
Largest of the Channel Islands J Jersey
96%
County south of Suffolk E Essex
88%
Alternative name for Derry L Londonderry
88%
Northernmost county in England N Northumberland
82%
Cathedral city in Kent C Canterbury
75%
County containing most of the Peak District D Derbyshire
72%
Berkshire town home to popular music festival R Reading
66%
Where Dr. Foster went G Gloucester
61%
Birthplace of Guy Fawkes Y York
55%
Leicestershire town: Ashby-de-la-_____ Z Zouch
55%
Shropshire town named after famous engineer T Telford
53%
Borough of Greater Manchester O Oldham
46%
Birthplace of Dylan Thomas S Swansea
45%
Largest town in Ceredigion A Aberystwyth
43%
Worcestershire spa town M Malvern
42%
Capital of Orkney K Kirkwall
41%
Scottish island famous for patterned jumpers F Fair Isle
32%
Pembrokeshire's county town H Haverfordwest
29%
Three-letter Monmouthshire town U Usk
28%
Leicestershire village, pronounced "Beaver" B Belvoir
25%
City founded by Lady Wulfrun W Wolverhampton
25%
Flintshire town or Edinburgh district Q Queensferry
20%
Southernmost of the Inner Hebrides I Islay
18%
Southeast Welsh county V Vale of Glamorgan
16%
North Wales filming location of "The Prisoner" P Portmeirion
14%
No matching quizzes found
Score Distribution
Percent of People with Each Score
Percentile by Number Answered
Your Score History
You have not taken this quiz